00611nam a2200169 i 4500001000700000003000700007005001700014008004100031100002900072245005400101250001800155260004400173300002200217490005600239830005600295852009000351187832SpMaBN20240516063110.0180312n1925 gw |||| | eng d0 aWells, H. G.,d1866-194614aThe secret places of the heart / cby H.G. Wells. aCopyright ed. aLeipzig : bBernhard Tauchnitz, c1925. a264 p. ; c17 cm.1 aCollection of British and American authors ; v46990 aCollection of British and American authors ; v4699 aES-MaACLjL-31896 z. - Donat. herederos de la bibl. de Mª del Pilar Costa Palacín